00581nam a22001577a 4500008004100000040001800041041000800059100003600067245007100103260005100174300001800225500012400243650002300367650001900390700001400409130821s1943 ag gr spa  aCo-BoUCMbspa00aspa aTagore, Rabindranathd1861-194104aLas piedras hambrientascRabindranath Tagore, traducción de M. L aBuenos Aires (Argentina)bEditorial Glemc1943 a157 páginas aPremio Nóbel de Literatura en 1913. -- Incluye índice. -- Este libro se encuentra en el depósito de la biblioteca04aLiteratura hindú04aNovela hindú aM. L.eTr